[Event "AI Cup Div 3 L"]
[Site "Chess.com INT"]
[Date "2023.09.28"]
[Round "7.3"]
[White "Robson, Ray"]
[Black "Sevian, Samuel"]
[Result "0-1"]
[WhiteElo "2699"]
[BlackElo "2698"]
[PlyCount "98"]
[EventDate "2023.09.25"]
[EventType "k.o. (rapid)"]
[EventRounds "8"]
[EventCountry "USA"]
[SourceTitle "EXT 2024"]
[Source "ChessBase"]
[SourceDate "2023.10.10"]
[SourceVersion "1"]
[SourceVersionDate "2023.10.10"]
[SourceQuality "1"]

1. e4 e5 2. Nf3 Nc6 3. Bb5 a6 4. Ba4 Nf6 5. 0-0 Nxe4 6. d4 b5 7. Bb3 d5 8. dxe5 Be6 9. c3 Be7 10. Nbd2 0-0 11. Bc2 f5 12. Nb3 Qd7 13. Qe1 Bf7 14. Nbd4 Nd8 15. e6 Bxe6 16. Ne5 Qc8 17. f3 Nd6 18. Nec6 Nxc6 19. Qxe6+ Qxe6 20. Nxe6 Rfc8 21. Nf4 d4 22. Nd5 dxc3 23. bxc3 g6 24. Bf4 Nc4 25. Nxc7 Bc5+ 26. Kh1 Ra7 27. Ne6 Be3 28. Rfe1 Bxf4 29. Nxf4 Re7 30. Bb3 Kf7 31. Rxe7+ Kxe7 32. Bxc4 bxc4 33. Nd5+ Kd6 34. Nb6 Re8 35. Rd1+ Kc5 36. Nd7+ Kb5 37. h4 Na7 38. Rd6 Nc8 39. a4+ Kxa4 40. Rxa6+ Kb3 41. Nf6 Rd8 42. Nxh7 Kxc3 43. Rxg6 Kd2 44. Rc6 c3 45. Kh2 c2 46. Kg3 Ne7 47. Rc5 Nd5 48. Rxc2+ Kxc2 49. h5 Rh8 0-1

[Event "AI Cup Div 3 W"]
[Site "Chess.com INT"]
[Date "2023.09.25"]
[Round "2.2"]
[White "Durarbayli, Vasif"]
[Black "Robson, Ray"]
[Result "0-1"]
[WhiteElo "2625"]
[BlackElo "2699"]
[PlyCount "200"]
[EventDate "2023.09.25"]
[EventType "k.o. (rapid)"]
[EventRounds "7"]
[EventCountry "USA"]
[SourceTitle "EXT 2024"]
[Source "ChessBase"]
[SourceDate "2023.10.10"]
[SourceVersion "1"]
[SourceVersionDate "2023.10.10"]
[SourceQuality "1"]

1. e4 c5 2. Nf3 d6 3. d4 cxd4 4. Nxd4 Nf6 5. Nc3 a6 6. Be2 e5 7. Nb3 Be7 8. Be3 Be6 9. Nd5 Nbd7 10. Qd3 0-0 11. c4 b5 12. cxb5 axb5 13. 0-0 Bxd5 14. exd5 Nb6 15. Bxb6 Qxb6 16. Qxb5 Qa7 17. a4 Rab8 18. Qd3 Rb4 19. a5 e4 20. Qd1 Rfb8 21. Ra3 e3 22. f3 R8b5 23. a6 Rxd5 24. Qc2 Bd8 25. Rd1 h5 26. Rxd5 Nxd5 27. g3 h4 28. Na5 Bxa5 29. Rxa5 Ne7 30. Qc3 Rb8 31. Kg2 Rc8 32. Qd3 Qb6 33. Ra3 Qxb2 34. a7 Qb7 35. Qxe3 Ra8 36. Qd4 hxg3 37. hxg3 Nc8 38. Re3 Qc6 39. Qe4 Nxa7 40. Ra3 d5 41. Qd3 Nc8 42. Rc3 Qd7 43. Qc2 Ne7 44. Rc7 Qd6 45. Rb7 g6 46. Qc7 Qxc7 47. Rxc7 Nf5 48. Rd7 Ra2 49. Kf2 Nd4 50. Rxd5 Nxe2 51. Rd8+ Kg7 52. g4 Nf4+ 53. Kg3 Ne2+ 54. Kf2 g5 55. Rb8 Nf4+ 56. Ke3 Re2+ 57. Kd4 Ng6 58. Rb5 f6 59. Rb7+ Re7 60. Rb6 Nh4 61. Rb3 Kg6 62. Ra3 Re5 63. Rb3 Re1 64. Ra3 Ng2 65. Ra8 Nf4 66. Rg8+ Kf7 67. Ra8 Re5 68. Ra7+ Kg6 69. Ra3 Ne6+ 70. Kd3 f5 71. gxf5+ Kxf5 72. Ra7 Nf4+ 73. Kd4 Rd5+ 74. Ke3 Rd3+ 75. Kf2 Rd2+ 76. Kf1 Ng6 77. Rf7+ Ke6 78. Rg7 Kf6 79. Rg8 Ra2 80. Rb8 Kf5 81. Rg8 Nf4 82. Rf8+ Ke5 83. Re8+ Ne6 84. Re7 Kf6 85. Re8 Nd4 86. Re4 Ra1+ 87. Kf2 Ra2+ 88. Kf1 Nf5 89. Rb4 Kg6 90. Rb8 Ng3+ 91. Kg1 Kf5 92. Rf8+ Ke5 93. f4+ gxf4 94. Re8+ Kd4 95. Rd8+ Ke3 96. Rd3+ Ke2 97. Rf3 Ra4 98. Kg2 Nf5 99. Rf2+ Ke3 100. Rf3+ Ke4 0-1

[Event "AI Cup Play In"]
[Site "Chess.com INT"]
[Date "2023.09.18"]
[Round "7"]
[White "Artemiev, Vladislav"]
[Black "Robson, Ray"]
[Result "1-0"]
[WhiteElo "2697"]
[BlackElo "2699"]
[PlyCount "109"]
[EventDate "2023.09.18"]
[EventType "swiss (rapid)"]
[EventRounds "9"]
[EventCountry "USA"]
[SourceTitle "EXT 2024"]
[Source "ChessBase"]
[SourceDate "2023.10.10"]
[SourceVersion "1"]
[SourceVersionDate "2023.10.10"]
[SourceQuality "1"]

1. c4 c5 2. Nf3 Nf6 3. Nc3 Nc6 4. d4 cxd4 5. Nxd4 e6 6. e4 Bb4 7. Nxc6 bxc6 8. Bd3 e5 9. 0-0 0-0 10. h3 Re8 11. Be3 d6 12. Rc1 Bxc3 13. Rxc3 d5 14. cxd5 cxd5 15. Bb5 Bd7 16. Bxd7 Qxd7 17. exd5 Nxd5 18. Rd3 Nxe3 19. Rxd7 Nxd1 20. Rfxd1 g6 21. R1d6 a5 22. Rf6 Rf8 23. Re7 Rab8 24. Rxe5 Rxb2 25. Rxa5 Kg7 26. Rf3 f5 27. a4 Ra2 28. g4 Rf7 29. Kg2 fxg4 30. Rxf7+ Kxf7 31. hxg4 h5 32. g5 Ke6 33. Kg3 Ra1 34. f4 Ra3+ 35. Kh4 Ra1 36. Ra6+ Kf7 37. a5 Rh1+ 38. Kg3 h4+ 39. Kg2 Ra1 40. Kh3 Rh1+ 41. Kg4 h3 42. Kg3 h2 43. Kg2 Rg1+ 44. Kxh2 Ra1 45. Kg3 Ra3+ 46. Kf2 Ra1 47. Kf3 Ra4 48. Ke3 Kg7 49. Ra7+ Kf8 50. a6 Ke8 51. Kd3 Kd8 52. f5 gxf5 53. g6 Rg4 54. g7 Kc8 55. g8Q+ 1-0

[Event "AI Cup Play In Match"]
[Site "Chess.com INT"]
[Date "2023.09.18"]
[Round "1.3"]
[White "Robson, Ray"]
[Black "Iturrizaga Bonelli, Eduardo"]
[Result "1-0"]
[WhiteElo "2699"]
[BlackElo "2615"]
[PlyCount "129"]
[EventDate "2023.09.18"]
[EventType "k.o. (rapid)"]
[EventRounds "1"]
[EventCountry "USA"]
[SourceTitle "EXT 2024"]
[Source "ChessBase"]
[SourceDate "2023.10.10"]
[SourceVersion "1"]
[SourceVersionDate "2023.10.10"]
[SourceQuality "1"]

1. d4 Nf6 2. c4 e6 3. Nc3 Bb4 4. e3 0-0 5. Nf3 d5 6. Bd2 Re8 7. Rc1 Nbd7 8. a3 Bf8 9. Bd3 b6 10. cxd5 exd5 11. b4 Bb7 12. 0-0 a6 13. Qb3 Bd6 14. b5 a5 15. a4 Qe7 16. Ra1 Rac8 17. Bc1 Nf8 18. Ba3 Ng6 19. Rfc1 Ne4 20. Bxd6 Qxd6 21. Ne2 f5 22. g3 h6 23. Rc2 Kh7 24. Qa3 Qe6 25. Nf4 Nxf4 26. exf4 c5 27. bxc6 Rxc6 28. Rxc6 Bxc6 29. Ne5 Rc8 30. Rc1 Be8 31. Rxc8 Qxc8 32. Qf8 Nf6 33. g4 Ne4 34. Kg2 Bd7 35. Qe7 Be6 36. g5 hxg5 37. fxg5 f4 38. g6+ Kg8 39. Qh4 Nf6 40. Qxf4 Bh3+ 41. Kf3 Qc3 42. Qe3 Qa1 43. Qe2 Qh1+ 44. Ke3 Qxh2 45. Kd2 Qf4+ 46. Qe3 Qh4 47. Nf3 Qh5 48. Qf4 Bd7 49. Ng5 Be8 50. Bf5 Qh1 51. Be6+ Kh8 52. Nf7+ Kg8 53. Nd6+ Kf8 54. Nxe8 Kxe8 55. Bf5 Ke7 56. Qc7+ Ke8 57. Qc8+ Ke7 58. Qe6+ Kd8 59. Qd6+ Ke8 60. Qc6+ Ke7 61. Qb7+ Ke8 62. Qb8+ Ke7 63. Qa7+ Ke8 64. Qxb6 Ke7 65. Qc7+ 1-0

[Event "FIDE World Cup"]
[Site "Baku"]
[Date "2023.08.06"]
[Round "3.2"]
[White "Gadimbayli, Abdulla Azar"]
[Black "Robson, Ray"]
[Result "0-1"]
[WhiteElo "2483"]
[BlackElo "2689"]
[PlyCount "106"]
[EventDate "2023.07.30"]
[EventType "k.o."]
[EventRounds "8"]
[EventCountry "AZE"]
[SourceTitle "EXT 2024"]
[Source "ChessBase"]
[SourceDate "2023.10.10"]
[SourceVersion "1"]
[SourceVersionDate "2023.10.10"]
[SourceQuality "1"]

1. e4 e5 2. Nf3 Nc6 3. Bb5 Nf6 4. 0-0 Nxe4 5. Re1 Nd6 6. a4 Be7 7. Nc3 a6 8. Bf1 e4 9. Nxe4 Nxe4 10. Rxe4 d5 11. Re1 Bg4 12. c3 d4 13. h3 Bh5 14. g4 Bg6 15. Nxd4 Nxd4 16. cxd4 0-0 17. Bg2 Bb4 18. d5 f5 19. Re5 Qf6 20. d4 fxg4 21. Qe2 gxh3 22. Bxh3 Qh4 23. Bg4 Rxf2 24. Be6+ Rf7 25. Be3 Bd6 26. Rg5 Be4 27. Bxf7+ Kxf7 28. Qh5+ Qxh5 29. Rxh5 h6 30. Rf1+ Kg6 31. Rh3 Bxd5 32. Bf4 Rd8 33. Be5 Rd7 34. Rg3+ Kh7 35. Rf5 Be6 36. Rf2 Bb4 37. Rfg2 g5 38. Rh2 Kg6 39. Rf2 Be7 40. Re3 Bd5 41. Rfe2 Bd8 42. b4 g4 43. Bf4 h5 44. Re8 h4 45. Rh8 Bf6 46. Rh6+ Kf5 47. Rxf6+ Kxf6 48. Re5 h3 49. a5 b6 50. Kh2 bxa5 51. bxa5 c6 52. Kg3 Bf3 53. Re1 Rb7 0-1

[Event "Prague Masters 5th"]
[Site "Prague"]
[Date "2023.06.28"]
[Round "7"]
[White "Robson, Ray"]
[Black "Keymer, Vincent"]
[Result "1-0"]
[WhiteElo "2689"]
[BlackElo "2690"]
[PlyCount "109"]
[EventDate "2023.06.20"]
[EventType "tourn"]
[EventRounds "9"]
[EventCountry "CZE"]
[EventCategory "18"]
[SourceTitle "CBM 215 Extra"]
[Source "ChessBase"]
[SourceDate "2023.09.30"]
[SourceVersion "1"]
[SourceVersionDate "2023.09.30"]
[SourceQuality "1"]

1. d4 Nf6 2. c4 e6 3. Nf3 d5 4. g3 Bb4+ 5. Bd2 Be7 6. Bg2 0-0 7. 0-0 c6 8. Qc2 Nbd7 9. Bf4 b6 10. Rd1 Bb7 11. Ne5 Nh5 12. Bd2 Nhf6 13. cxd5 cxd5 14. Nc6 Bxc6 15. Qxc6 Rc8 16. Qb5 Ne8 17. Qa6 Rc4 18. e4 Nc7 19. Qxa7 Nb5 20. Qa6 Nxd4 21. exd5 b5 22. Ba5 Qe8 23. Bf1 Nc2 24. Bxc4 bxc4 25. dxe6 Nc5 26. Qxc4 Nxa1 27. Nd2 Nxe6 28. Rxa1 Qa8 29. Bc3 Rd8 30. Qe4 Qa7 31. Nf3 Bc5 32. Qe2 h6 33. a4 Rb8 34. a5 Bb4 35. Bxb4 Rxb4 36. a6 Rb3 37. Ra3 Rxa3 38. bxa3 Qb6 39. Qc4 Qa5 40. Qc8+ Kh7 41. Qb7 Nc5 42. Qxf7 Nxa6 43. Qb3 Kh8 44. h4 Qf5 45. Kg2 Qe4 46. Qb6 Qa4 47. Qd8+ Kh7 48. Qd3+ Kg8 49. Ne5 Qa5 50. Ng6 Nc7 51. Ne7+ Kf7 52. Qd7 Kf8 53. Ng6+ Kg8 54. Qd8+ Kf7 55. Nh8+ 1-0

[Event "Prague Masters 5th"]
[Site "Prague"]
[Date "2023.06.22"]
[Round "2"]
[White "Harikrishna, Pentala"]
[Black "Robson, Ray"]
[Result "1/2-1/2"]
[WhiteElo "2704"]
[BlackElo "2689"]
[PlyCount "79"]
[EventDate "2023.06.20"]
[EventType "tourn"]
[EventRounds "9"]
[EventCountry "CZE"]
[EventCategory "18"]
[SourceTitle "CBM 215 Extra"]
[Source "ChessBase"]
[SourceDate "2023.09.30"]
[SourceVersion "1"]
[SourceVersionDate "2023.09.30"]
[SourceQuality "1"]

1. c4 e5 2. Nc3 Nf6 3. Nf3 Nc6 4. d3 d5 5. cxd5 Nxd5 6. g3 Be7 7. Nxd5 Qxd5 8. Bg2 0-0 9. 0-0 Qd6 10. Bg5 Nd4 11. Bxe7 Qxe7 12. Qd2 a5 13. Rac1 c6 14. Rfe1 Nxf3+ 15. Bxf3 Be6 16. a3 a4 17. Rc3 Rfd8 18. Rec1 Bd5 19. Bxd5 Rxd5 20. Rc4 Rd4 21. Qe3 Rad8 22. Rc5 f6 23. R1c4 Qe6 24. f4 Rxc4 25. Rxc4 b5 26. Rc2 Rd5 27. Qb6 Rd6 28. Qb8+ Kf7 29. Qc7+ Kg8 30. f5 Qd5 31. Qc8+ Kf7 32. Qb7+ Kg8 33. Qa8+ Kf7 34. Qb7+ Kg8 35. Qe7 h6 36. Qe8+ Kh7 37. Rc3 Qa2 38. Qg6+ Kg8 39. Qe8+ Kh7 40. Qg6+ 1/2-1/2